Cardenal Richelieu

Shranjeno v:
Bibliografske podrobnosti
Glavni avtor: Levi, Anthony (Author)
Format: Knjiga
Jezik:španščina
Izdano: Barcelona Ariel 2002
Izdaja:1a. ed
Serija:Ariel Biografías
Teme:
Oznake: Označite
Brez oznak, prvi označite!

MARC

LEADER 00000nam a2200000 a 4500
001 UCK6431
003 CL-VaPUC
008 050930e20020500SP |||||||||||||||||spa|d
020 |a 8434466589 
082 0 4 |a 923.1  |b LEV  |2 21 
100 0 |a Levi, Anthony  |e author  |9 495742 
245 1 0 |a Cardenal Richelieu 
250 |a 1a. ed 
300 |a 333 p 
942 |c BK 
945 |d 20050930 00:00:00  |a jcarroza 
260 |a Barcelona  |b Ariel  |c 2002 
600 0 7 |a RICHELIEU, ARMANDO JUAN DU PLESSIS  |2 CL-VaPUC  |9 469293 
650 7 |a HISTORIA DE FRANCIA SIGLO 17  |2 CL-VaPUC  |9 352757 
650 0 |a Biografías  |9 255210 
650 7 |a ESTADISTAS FRANCESES  |2 CL-VaPUC  |9 313698 
651 0 |a Francia  |9 255157 
583 |a last modification  |c 20050930 00:00:00  |k Rodrigo Vera 
490 0 |a Ariel Biografías 
999 |c 314718  |d 314716 
952 |0 0  |1 0  |4 0  |6 923_100000000000000_LEV_2002  |7 0  |8 A  |9 387425  |a BIBHIS  |b BIBHIS  |d 2019-11-22  |i 415228K  |o 923.1 LEV 2002  |p 415228K  |r 2025-01-20  |w 2019-11-22  |y BK  |k HIS